00391pab a2200133 454500008004000000100002300040245009300063260000900156300001500165362001100180650001400191700001800205773003400223180718b1998 xxu||||| |||| 00| 0 eng d aGopalakrishnan, R. aEducation guarantee scheme in Madhya Pradesh: innovative steps to universalise education c1998 ap.2546-551 a26 Sep aEducation aSharma, Amita aEconomic and Political Weekly